书目信息 |
| 题名: |
产品设计
|
|
| 作者: | 王明旨 主编 | |
| 分册: | ||
| 出版信息: | 杭州 中国美术学院出版社 1999 |
|
| 页数: | 194页 | |
| 开本: | 26cm | |
| 丛书名: | 中国艺术教育大系 | |
| 单 册: | ||
| 中图分类: | J506 , TB21 | |
| 科图分类: | ||
| 主题词: | 工业产品-造型设计--高等学校--教材 , 造型设计-工业产品--高等学校--教材 | |
| 电子资源: | ||
| ISBN: | 7-81019-746-0 | |
| 000 | 00784oam2 2200265 450 | |
| 001 | 0709000058 | |
| 005 | 20070531085334.73 | |
| 010 | @a7-81019-746-0@dCNY34.00 | |
| 100 | @a20000306e20011999em y0chiy0110 ea | |
| 101 | 0 | @achi |
| 102 | @aCN@b330000 | |
| 105 | @aa z 000yy | |
| 200 | 1 | @a产品设计@Achan pin she ji@f王明旨主编 |
| 210 | @a杭州@c中国美术学院出版社@d1999@h2001 | |
| 215 | @a194页@c图@d26cm | |
| 225 | 2 | @a中国艺术教育大系@i美术卷 |
| 300 | @a高等艺术教育“九五”部级教材 | |
| 462 | 0 | @12001 @a中国艺术教育大系@i美术卷 |
| 606 | 0 | @a工业产品-造型设计@x高等学校@j教材 |
| 606 | 0 | @a造型设计-工业产品@x高等学校@j教材 |
| 690 | @aJ506@v4 | |
| 690 | @aTB21@v4 | |
| 701 | 0 | @a王明旨@Awang ming zhi@4主编 |
| 801 | 0 | @aCN@bTAOJIN@c20070531 |
| 905 | @a10447@dTB21@e131 | |
| 产品设计/王明旨主编.-杭州:中国美术学院出版社,1999(2001) |
| 194页:图;26cm.-(中国艺术教育大系.美术卷) |
| 高等艺术教育“九五”部级教材 |
| ISBN 7-81019-746-0:CNY34.00 |
| ● |
| 相关链接 |
|
|
|
|
正题名:产品设计
索取号:TB21/131
 
预约/预借
| 序号 | 登录号 | 条形码 | 馆藏地/架位号 | 状态 | 备注 |
| 1 | 0523672 | 205236724 | 第二样本阅览室/ [索取号:TB21/131] | 在馆 | |
| 2 | 0523673 | 205236733 | 第三借阅区/ [索取号:TB21/131] | 在馆 | |
| 3 | 0523674 | 205236742 | 第三借阅区/ [索取号:TB21/131] | 在馆 |